Riadenie priemyselných podnikov /

Na minha lista:
Detalhes bibliográficos
Autor principal: Sedlák, Mikuláš (Author)
Formato: Livro
Idioma:eslovaco
Publicado em: Bratislava : Práca, 1985
Edição:1.vyd.
Assuntos:
Tags: Adicionar Tag
Sem tags, seja o primeiro a adicionar uma tag!

MARC

LEADER 00000nam a22000003a 4500
001 stu41807
005 20150617225719.4
008 940121s1985----cs------------------slo-d
040 |a STU  |b slo 
041 0 |a slo 
044 |a cs 
080 |a 658.012.4 
100 1 |a Sedlák, Mikuláš  |4 aut 
245 1 |a Riadenie priemyselných podnikov /  |c [aut.]Mikuláš Sedlák 
250 |a 1.vyd. 
260 |a Bratislava :  |b Práca,  |c 1985 
300 |a 336 s 
650 7 |a podniky priemyselné  |2 stusub 
650 7 |a riadenie  |2 stusub 
996 |b 284M039285  |c M*2141-1  |l MMKN  |s A  |a 24  |w stu41807_0001 
996 |b 284M035666  |c M*2141-2  |l MMKN  |s A  |a 24  |w stu41807_0002